000 00432nam a2200157 a 4500
005 20140412111229.0
008 020604s19uu xx 00 eng d
020 _a0-669-13688-3
050 _aTR(GS 372.74
_bCo683 1987
245 _aCollamore phonics.
260 _a[s.l.] :
_bD. C. Heath and Company,
_c1987.
300 _a224 p.
500 _aTeacher's Ed., level A
650 _aPhonics
_xJuvenile literature
999 _c102122
_d102122